<?xml version="1.0" encoding="UTF-8"?>
<record
    xmlns:xsi="http://www.w3.org/2001/XMLSchema-instance"
    xsi:schemaLocation="http://www.loc.gov/MARC21/slim http://www.loc.gov/standards/marcxml/schema/MARC21slim.xsd"
    xmlns="http://www.loc.gov/MARC21/slim">

  <leader>01994nam a22001337a 4500</leader>
  <controlfield tag="008">181201b        xxu||||| |||| 00| 0 eng d</controlfield>
  <datafield tag="082" ind1=" " ind2=" ">
    <subfield code="a">700.29</subfield>
    <subfield code="b">M375s/2007</subfield>
  </datafield>
  <datafield tag="100" ind1=" " ind2=" ">
    <subfield code="a">AMARTE: amigos del Museo de Arte de El Salvador</subfield>
    <subfield code="9">6825</subfield>
  </datafield>
  <datafield tag="245" ind1=" " ind2=" ">
    <subfield code="a">Sum+arte: Subasta de arte 2007</subfield>
  </datafield>
  <datafield tag="260" ind1=" " ind2=" ">
    <subfield code="a">San Salvador</subfield>
    <subfield code="b">Museo de Arte de El Salvador</subfield>
    <subfield code="c">2010</subfield>
  </datafield>
  <datafield tag="300" ind1=" " ind2=" ">
    <subfield code="a">87 p.</subfield>
    <subfield code="b">ill (col).</subfield>
    <subfield code="c">21.5 x 21.5 cm</subfield>
  </datafield>
  <datafield tag="505" ind1=" " ind2=" ">
    <subfield code="t">Premios</subfield>
    <subfield code="r">Rojas Hidalgo, Walter (Primer lugar); Rodr&#xED;guez, Jose (Segundo lugar); Herrera, Jos&#xE9; David (Tercer lugar); Arz&#xFA; Quioto, Santos (Menci&#xF3;n de honor)</subfield>
    <subfield code="t">Artistas Seleccionados</subfield>
    <subfield code="r">Altamirano, Donaldo; &#xC1;lvarez, Mauricio; Archer, Elisa; Arosemena, Octavio; B&#xE1;ez de Lacayo, Laura; Basauri, Ignacio; Beltr&#xE1;n Valladares, Santiago; Bicard, Licry; Cornejo, Luis; Cuchilla, Alex; D&#xED;az, Carlos; Dom&#xED;nguez, Natalia; Dur&#xE1;n, Alonso; Fern&#xE1;ndez, Diana; Gutierrez, Gerardo; Lacayo, Ramiro; Mazariegos Maldonado, Jorge; Menj&#xED;var, Eugenio; Merino, Alberto; Miranda, Alexia; Orellana, Teyo; P&#xE9;rez, &#xC1;lvaro; Poy&#xF3;n Cal&#xED;, &#xC1;ngel; Quesada, Troy; Quintanilla, Marvin Roberto; Rivas, Miguel Rolando; Santana, Norlan; Sol, Camila; Tamayo, Jorge; Trigueros, Carmen Elena; Urquilla, Ana; Valencia, Marco; Vides, Veronica; Zamora, Ana de; Zavaleta, Danny y Zayas, Francisco.</subfield>
    <subfield code="t">Artistas Invitados </subfield>
    <subfield code="r">Aldunate, Carmen; &#xC1;lvarez, Negra; Barraza, Mayra; Bonilla, Antonio; Ca&#xF1;as, Carlos; Ca&#xF1;as, Benjamin; Carbonell, Ricardo; Cuadra, Orlando; Elas Reyes, Ra&#xFA;l; Garc&#xED;a Ponce, Antonio; Gonz&#xE1;lez, Gabriel; Huezo, Roberto; Iraheta, Walterio; Laver&#xF3;n, Elena; Lazo, Luis; Linares, Mauricio; Manzanares, Ilse de Ortiz de; Mart&#xED;nez, Ana Mar&#xED;a de; Martino, Miguel; Mena Valenzuela, Rosa; Men&#xE9;ndez, C&#xE9;sar; Molina, Rodolfo; Mor&#xE1;n, Ronald; Ortiz Villacorta, Miguel; Palma Ibarra, Hugo; Salazar Arru&#xE9;, Salvador (Salarru&#xE9;); Sinclair, Olga; Sobalvarro, Orlando; Sol&#xED;s, Jos&#xE9; Pablo; Varela, Rafael.</subfield>
  </datafield>
  <datafield tag="650" ind1=" " ind2=" ">
    <subfield code="2">Arte contempor&#xE1;neo</subfield>
    <subfield code="v">Cat&#xE1;logo de Obras</subfield>
    <subfield code="x">Arte - Subastas</subfield>
    <subfield code="z">Arte - El Salvador</subfield>
    <subfield code="z">Museo de Arte de El Salvador</subfield>
    <subfield code="9">6833</subfield>
  </datafield>
  <datafield tag="999" ind1=" " ind2=" ">
    <subfield code="c">1692</subfield>
    <subfield code="d">1692</subfield>
  </datafield>
  <datafield tag="952" ind1=" " ind2=" ">
    <subfield code="0">0</subfield>
    <subfield code="1">0</subfield>
    <subfield code="2">ddc</subfield>
    <subfield code="4">0</subfield>
    <subfield code="7">0</subfield>
    <subfield code="a">LV</subfield>
    <subfield code="b">LV</subfield>
    <subfield code="c">Eventos y Bienales</subfield>
    <subfield code="d">2018-12-01</subfield>
    <subfield code="l">0</subfield>
    <subfield code="o">700.29 M375s/2007</subfield>
    <subfield code="p">004677</subfield>
    <subfield code="r">2018-12-01 00:00:00</subfield>
    <subfield code="w">2018-12-01</subfield>
    <subfield code="y">01</subfield>
  </datafield>
</record>
